LEADER 02793nam a2200373 a 4500 001 000000122614 003 CaOOAMICUS 005 20101124110536.0 008 100729s1532 sz u000 u lat r 026 $ainem itnt$baqa- Sacu (3)$c1532 (R) 040 $aPUL$bita 100 0 $aEutropius,$dsec. IV.$0(OLS)http://pul/name/1079 240 10$aBreviarum ad urbe condita.$lLatino.$d1532.$0(OLS)http://pul/title/155951 245 10$aEutropii Insigne volumen quo Romana historia universa describitur, ex diversorum authorum monumentis collecta ... Additae sunt Graecorum Imperatorum vitae de rebus in Oriente et Constantinopoli, Persia, Arabiaque gestis, de quibus hectenus Latinis parum constabat. Quidam Annales Constantinopolitanos appellant ... Pauli Diaconi Aquileiensis De gestis Langobardorum libri VI. 246 33$aAnnales Constantinopolitanos 260 $aBasileae :$bin officina Frobeniana,$c1532$e(Basileae :$fper Hieronymum Froben. et Nicolaum Episcopium,$g1532 men. aug.) 300 $a[8], 443 p. ;$cfol. (30 cm) 500 $aSegnatura: [croce gr.]4 a-z6 A-E6 F-G8 H-L6 M-N8 500 $aIniziali xil. 500 $aIn calce al front.: "Cum gratia et privilegio Caesareo in annos sex". 500 $aL'Historia Langodardorum di Paulus Diaconus inizia a p. 353. 662 $aSvizzera$dBasilea.$0(OLS)http://pul/subject/37030 700 0 $aPaulus Diaconus,$dc. 720-799.$tHistoria Langobardorum Libri VI.$0(OLS)http://pul/name/78040 700 02$aPaulus Diaconus,$dc. 720-799.$tHistoria Langobardorum.$0(OLS)http://pul/nameTitle/1367$0(OLS)http://pul/name/1082$0(OLS)http://pul/title/17210 710 0 $aFroben, Hieronymus et Episcopius, Nicolaus$4pbl.$0(OLS)http://pul/name/72836 850 $aPUL 852 $aPUL$W1$xDP1 Antico 500$y12$m116 G 11$j142590$qStampati Antico$B141551$CPULBib$Z2$F141551 $82 900 $aPaolo Diacono,$dc. 720-799$91082 941 1 $a15 961 $aPrecedente collocazione: "O I 35".Note mss. di possesso sul front.: "Collegij Romani Societ. Jesu"; "R O".Precedente appartenenza: Collegio Romano - Società dei Gesuiti.Postille mss. e sottolineature all'interno del testo.Timbri: Bibliotheca Pia Pont. Seminarii Romani. 996 $6246$aAnnales Constantinopolitanos$9(OLS)http://pul/title/155947 996 $6245$aEutropii Insigne volumen quo Romana historia universa describitur, ex diversorum authorum monumentis collecta ... Additae sunt Graecorum Imperatorum vitae de rebus in Oriente et Constantinopoli, Persia, Arabiaque gestis, de quibus hectenus Latinis parum constabat. Quidam Annales Constantinopolitanos appellant ... Pauli Diaconi Aquileiensis De gestis Langobardorum libri VI$9(OLS)http://pul/title/155945 996 $6260$aBasileae :$bin officina Frobeniana$9(OLS)http://pul/publisher/80629 LEADER 01821nam a2200397 u 4500 001 000000069016 003 CaOOAMICUS 005 20070226121848.0 008 020404n gw u000 u ger u 020 $a3772010539 (v. 1) 020 $a3772010822 (v. 2) 020 $a3772011047 (v. 3) 035 $a10925469 040 $aPUL(R)$bita 245 00$aBiographisches Wörterbuch zur deutschen Geschichte /$cbegründet von Hellmuth Rössler und Günther Franz. 250 $a2., völlig neubearbeitete und stark erweiterte Aufl. /$bbearbeitet von Karl Bosl, Günther Franz, Hanns Hubert Hofmann. 260 $aMünchen :$bFrancke Verlag,$c[s.d.] 300 $a3 v. ;$c24 cm 500 $aIndice nel v. 3. 500 $aPaginazione continua. 504 $aComprende indicazioni bibliografiche. 650 4$aBiografia$zGermania$xDizionari.$0(OLS)http://pul/subject/24694 651 4$aGermania$xStoria.$0(OLS)http://pul/subject/15440 700 1 $aRössler, Hellmuth,$d1910-$0(OLS)http://pul/name/45881 700 1 $aHofmann, Hanns Hubert.$0(OLS)http://pul/name/45883 700 1 $aBosl, Karl,$d1908-$0(OLS)http://pul/name/6807 700 1 $aFranz, Günther,$d1902-$0(OLS)http://pul/name/45882 850 $aPUL 852 $aPUL$W1$xSL Cons. Gen., Altre Classi 1$y1$m2014 F$j6784$nBK-PRI$b $qStampati$B89220$CPULBib$Z2$F89220 $H $81 941 1 $a8 961 $aINV: 41061, 41062, 41489 996 $6020$a3772010539 (v. 1)$9(OLS)http://pul/number/89423 996 $6020$a3772010822 (v. 2)$9(OLS)http://pul/number/89424 996 $6020$a3772011047 (v. 3)$9(OLS)http://pul/number/89425 996 $6245$aBiographisches Wörterbuch zur deutschen Geschichte$9(OLS)http://pul/title/91183 996 $6260$aMünchen :$bFrancke Verlag$9(OLS)http://pul/publisher/72420